000 00446nam a2200121Ia 4500
008 170221s9999 xx 000 0 und d
100 _aBudd, Bruce Q.
245 2 _aA “Random-walk” through the Saudi Arabian financial market - Is the Tadawul efficient?
245 _cBruce Q Budd, Al Faisal University.
260 _bJournal of Management and Marketing Research
650 _xBusiness
856 _uhttp://www.aabri.com/manuscripts/121134.pdf
999 _c307360
_d307360